000 00218nam a2200097Ia 4500
008 240331s9999 xx 000 0 und d
082 _a323
_bHUM
100 _aAxer,J. ed
245 4 _aThe human rights community
942 _cL
999 _c667
_d667